000 01083cam a2200193 4500
001 ##L133575
008 060519n2006 000 0 eng u
035 _a(Sirsi) u133575
041 0 _aeng
050 0 4 _a333.76 $2 18
110 1 _aUnited Kingdom
_bDepartment for Environment, Food and Rural Affairs
245 0 0 _aRural development programme for England 2007-2013
_bconsultation
260 _aLondon
_bDEFRA
_c2006
520 _aThis consultation invites views on the key themes and outcomes proposed for the next Rural Development Programme for England 2007-2013. The Rural Development Programme is the framework to be used in England to distribute funds from the European Agricultural Fund for Rural Development. Funding from the EU is matched by government funding. The consultation closes on 22 May 2006.
651 4 _aEngland
_y886-
690 _aPROPERTY-RURAL AND NATURAL ASSETS-RURAL AND NATURAL ASSET DEVELOPMENT
856 4 0 _uhttps://www.defra.gov.uk/corporate/consult/rdp2007-13/index.htm
_zView the consultation free of charge at www.defra.gov.uk...
942 _n0
999 _c105425
_d105425